[Event "Rasht Khazar op 15th"]
[Site "Rasht"]
[Date "2017.01.20"]
[Round "1"]
[White "Zubov, Alexander"]
[Black "Maleki, Mojtaba"]
[Result "1-0"]
[WhiteElo "2606"]
[BlackElo "2183"]
[PlyCount "109"]
[EventDate "2017.01.20"]
[EventType "swiss"]
[EventRounds "9"]
[EventCountry "IRI"]
[SourceTitle "CBM 176 Extra"]
[Source "ChessBase"]
[SourceDate "2017.03.02"]
[SourceVersion "1"]
[SourceVersionDate "2017.03.02"]
[SourceQuality "1"]

1. d4 Nf6 2. c4 g6 3. Nc3 d5 4. e3 Bg7 5. Qb3 dxc4 6. Bxc4 0-0 7. Nf3 Nc6 8. Be2 a6 9. 0-0 b5 10. Rd1 Bf5 11. Ne5 Nxe5 12. dxe5 Nd7 13. f4 Qc8 14. e4 Be6 15. Qc2 Nb6 16. Nd5 Nxd5 17. exd5 Bf5 18. Qc5 e6 19. Bf3 exd5 20. Bxd5 Rd8 21. Be3 Rb8 22. Qe7 Rxd5 23. Rxd5 Be6 24. Rd2 Bf8 25. Qh4 c6 26. a3 Bd5 27. h3 Qf5 28. Rc1 b4 29. axb4 Bxb4 30. Re2 Qd3 31. Qf2 a5 32. Kh2 Rb5 33. Bd4 a4 34. Qe3 Qxe3 35. Bxe3 Be7 36. Rc3 Rb4 37. Kg3 Re4 38. Kf2 g5 39. fxg5 Rxe5 40. Bd4 Rxe2+ 41. Kxe2 Bxg2 42. Bf6 Kf8 43. Rc4 Bxh3 44. Rxa4 Bxf6 45. gxf6 Ke8 46. Ra7 Be6 47. Kf3 h5 48. Kg3 Bd5 49. Kh4 Bf3 50. b4 Bg4 51. Re7+ Kf8 52. Rc7 Ke8 53. Rxc6 Kd7 54. Ra6 Be2 55. Ra7+ 1-0